| 000 | 01940nam a22003617a 4500 | ||
|---|---|---|---|
| 001 | 1005408.0 | ||
| 003 | KnowledgeUnlatched | ||
| 005 | 20210303104755.0 | ||
| 006 | m o d | ||
| 007 | cr u|||||||||| | ||
| 008 | 210129p20192020cau o u00| u eng d | ||
| 037 | _5BiblioBoard | ||
| 245 | 0 | 0 |
_aLouder and Faster _cDeborah Wong. |
| 020 | _a9780520973152 | ||
| 024 | 8 | _a10.1525/luminos.71 | |
| 029 | 1 | _ahttps://library.biblioboard.com/ext/api/media/0b78e0e1-eb74-4bb2-ab9a-cab50fcb046c/assets/thumbnail.jpg | |
| 040 |
_aScCtBLL _cScCtBLL |
||
| 100 | 1 |
_aWong, Deborah _eauthor. |
|
| 264 | 1 | _bUniversity of California Press, | |
| 300 | _a1 online resource (1 p.) | ||
| 506 | 0 |
_aAccess copy available to the general public. _fUnrestricted _2star |
|
| 520 | _aLouder and Faster is a study of taiko in California, focused on the play of sound, performance, identity, ethnicity, race, gender, and politics. Wong explores taiko as a music/dance art form that creates spaces in which memories of the WW2 Japanese American incarceration, Asian American identity, and a desire to be seen/heard intersect with global capitalism, the complications of mediation, and legacies of imperialism. Based on two decades of participatory ethnographic work, the book offers a vivid glimpse of an Asian American presence both loud and fragile. | ||
| 588 | 0 | _aDescription based on print version record. | |
| 650 | 7 |
_aMusic _2bisacsh |
|
| 650 | 7 |
_aSocial Science _2bisacsh |
|
| 650 | 0 | _aSocial sciences | |
| 655 | 0 | _aElectronic books. | |
| 758 |
_iIs found in: _aKnowledge Unlatched _1https://openresearchlibrary.org/module/2774bc74-146a-484f-a7ba-ab1d6a09bbfb |
||
| 856 | 4 | 0 |
_uhttps://openresearchlibrary.org/content/0b78e0e1-eb74-4bb2-ab9a-cab50fcb046c _zView this content on Open Research Library. _70 |
| 999 |
_c32595 _d32595 |
||